Normal view MARC view
  • HAWTHORNE,NATHANIEL

Entry Personal Name

Number of records used in: 4

001 - CONTROL NUMBER

  • control field: 131960

003 - CONTROL NUMBER IDENTIFIER

  • control field: NUST

005 - DATE AND TIME OF LATEST TRANSACTION

  • control field: 20251119155927.0

008 - FIXED-LENGTH DATA ELEMENTS

  • fixed length control field: 251119|| aca||aabn | a|a d

040 ## - CATALOGING SOURCE

  • Original cataloging agency: NUST
  • Transcribing agency: NUST

100 ## - HEADING--PERSONAL NAME

  • Personal name: HAWTHORNE,NATHANIEL

670 ## - SOURCE DATA FOUND

  • Source citation: Work cat.: (NUST): HAWTHORNE,NATHANIEL., THE HOUSE OF THE SEVEN GABLES /, 1851.
© 2023 Central Library, National University of Sciences and Technology. All Rights Reserved.